Normal view
MARC view
Entry Topical Term
001 - CONTROL NUMBER
- control field: 48352
003 - CONTROL NUMBER IDENTIFIER
- control field: ARRUPE
005 - DATE AND TIME OF LATEST TRANSACTION
- control field: 20191016102024.0
008 - FIXED-LENGTH DATA ELEMENTS
- fixed length control field: 191016|| aca||aabn | a|a d
040 ## - CATALOGING SOURCE
- Original cataloging agency: ARRUPE
- Transcribing agency: ARRUPE
150 ## - HEADING--TOPICAL TERM
- Topical term or geographic name as entry element: PROWWESS/UNDP (program)
670 ## - SOURCE DATA FOUND
- Source citation: Work cat.: (ARRUPE): Srinivasan, Lyra 48349, Tools for community participation, 1990